ნორმალური ფორმატი
MARC ფორმატი
ჩანაწერი Personal Name
ჩანაწერთა რაოდენობა, რომელიც გამოყენებულია: 1
001 - CONTROL NUMBER
- control field: 17777
003 - CONTROL NUMBER IDENTIFIER
- control field: GE_BSU
005 - DATE AND TIME OF LATEST TRANSACTION
- control field: 20230425115319.0
008 - FIXED-LENGTH DATA ELEMENTS
- fixed length control field: 230425|| aca||aabn | a|a d
040 ## - CATALOGING SOURCE
- Original cataloging agency: GE_BSU
- Transcribing agency: GE_BSU
100 ## - HEADING--PERSONAL NAME
- Personal name: გეჩბაია, ბადრი
- Relator term: სამეცნიერო ხელმძღვანელი
670 ## - SOURCE DATA FOUND
- Source citation: Work cat.: (GE_BSU): წილოსანი,ამირან 17776, კონკურენტული სტრატეგიები საქართველოს საკონტეინერო გადაზიდვებში და გლობალურ სატრანსპორტო ბაზარზე ინტეგრაციის პერსპექტივებში :
